| 000 | 00442nmm a2200157Ia 4500 | ||
|---|---|---|---|
| 008 | 251105s9999||||xx |||||||||||||||||und|| | ||
| 020 | _a9789560011169 | ||
| 041 | _aspa | ||
| 100 | _aGodoy, Juan | ||
| 245 | 0 | _aNarrativa completa | |
| 264 |
_a[Santiago de Chile, Chile] : _bLOM Ediciones, _c2018 |
||
| 300 | _a469 páginas | ||
| 650 | _aLatin American narrative | ||
| 856 | _uhttps://public.digitaliapublishing.com/a/127942 | ||
| 942 | _cCF | ||
| 999 |
_c93581 _d93581 |
||